[Event "6I Torneo Ciudad de Pontevedra 2018"]
[Site "Pontevedra ESP"]
[Date "2018.08.10"]
[Round "4.3"]
[White "Martinez Duany, Lelys Stanley"]
[Black "Pena Gomez, Manuel"]
[Result "1/2-1/2"]
[WhiteElo "2544"]
[BlackElo "2483"]
[PlyCount "70"]
[EventDate "2018.08.08"]
[EventType "swiss"]
[EventRounds "9"]
[EventCountry "ESP"]
[SourceTitle "Ajedrez en Madrid"]
[Source "lmi"]
[SourceDate "2018.08.08"]

1. e4 c5 2. Nf3 d6 3. c3 Nf6 4. h3 Nc6 5. Bd3 d5 6. e5 Nd7 7. Bb5 Ndb8 8. d4
cxd4 9. cxd4 Bf5 10. Nc3 e6 11. O-O Be7 12. Be3 O-O 13. Bd3 Bxd3 14. Qxd3 a6
15. h4 Nd7 16. Bg5 Qb6 17. Bxe7 Nxe7 18. Ng5 Nf5 19. Nxd5 Qxd4 20. Ne7+ Kh8 21.
Qxd4 Nxd4 22. Rfd1 Rae8 23. Rxd4 Rxe7 24. f4 Rc8 25. Rad1 Rc7 26. Ne4 h6 27. h5
f6 28. exf6 gxf6 29. Nd6 f5 30. Ne8 Rxe8 31. Rxd7 Re7 32. Rxc7 Rxc7 33. Rd6 Re7
34. Rd3 Kg8 35. Rg3+ Rg7 1/2-1/2

[Event "6I Torneo Ciudad de Pontevedra 2018"]
[Site "Pontevedra ESP"]
[Date "2018.08.10"]
[Round "4.4"]
[White "Horton, Andrew P"]
[Black "Ruck, Robert"]
[Result "0-1"]
[WhiteElo "2408"]
[BlackElo "2502"]
[PlyCount "94"]
[EventDate "2018.08.08"]
[EventType "swiss"]
[EventRounds "9"]
[EventCountry "ESP"]
[SourceTitle "Ajedrez en Madrid"]
[Source "lmi"]
[SourceDate "2018.08.08"]

1. Nf3 d5 2. c4 d4 3. b4 g6 4. d3 Bg7 5. g3 b6 6. Bg2 Bb7 7. O-O e5 8. a4 Ne7
9. Nbd2 O-O 10. Nb3 Nd7 11. a5 Rb8 12. axb6 axb6 13. Ra7 Qc8 14. Re1 Nc6 15.
Ra4 Re8 16. e3 dxe3 17. Bxe3 Ra8 18. Rxa8 Qxa8 19. b5 Ne7 20. Nh4 Bxg2 21. Nxg2
Nf5 22. Nd2 Qa3 23. Nb1 Qb4 24. g4 Ne7 25. Qd2 Qxd2 26. Nxd2 Ra8 27. Nb1 Kf8
28. g5 f5 29. gxf6 Nxf6 30. Bg5 Rd8 31. Re3 Nf5 32. Rxe5 Rxd3 33. Re1 Nd4 34.
Bxf6 Bxf6 35. Kh1 Nf3 36. Rf1 Be5 37. Ne3 Nxh2 38. Rc1 Nf3 39. Kg2 Nd4 40. Re1
Bd6 41. Nd5 Nxb5 42. Nf6 Nd4 43. Nxh7+ Kg7 44. Ng5 Nc6 45. Ne4 Bb4 46. Rc1 Rd4
47. Ng5 Rg4+ 0-1

[Event "6I Torneo Ciudad de Pontevedra 2018"]
[Site "Pontevedra ESP"]
[Date "2018.08.10"]
[Round "4.5"]
[White "Oratovsky, Michael"]
[Black "Praveen, Kumar C"]
[Result "0-1"]
[WhiteElo "2489"]
[BlackElo "2238"]
[PlyCount "96"]
[EventDate "2018.08.08"]
[EventType "swiss"]
[EventRounds "9"]
[EventCountry "ESP"]
[SourceTitle "Ajedrez en Madrid"]
[Source "lmi"]
[SourceDate "2018.08.08"]

1. e4 e6 2. d4 d5 3. Nd2 h6 4. Ngf3 Nf6 5. e5 Nfd7 6. c3 c5 7. Be2 Nc6 8. Nf1
Qb6 9. a3 a5 10. Ng3 cxd4 11. cxd4 a4 12. O-O Ndb8 13. Bd3 Bd7 14. Bc2 Qa7 15.
Be3 b5 16. Ne4 dxe4 17. d5 Bc5 18. dxc6 Nxc6 19. Bxc5 Qxc5 20. Bxe4 Rd8 21. Rc1
Qa7 22. Qd6 Nb8 23. Rc7 Qa6 24. Qc5 Rc8 25. Rd1 Rxc7 26. Qxc7 O-O 27. Rxd7 Nxd7
28. Qxd7 b4 29. axb4 Qe2 30. Bc6 Qxb2 31. Bxa4 Ra8 32. g3 Qxb4 33. Bc2 Qc5 34.
Qd3 g6 35. Qb3 Ra3 36. Qb8+ Kg7 37. Qd6 Ra1+ 38. Kg2 Qxc2 39. Qd8 Qd1 40. Nd4
Qf1+ 41. Kf3 Qd3+ 42. Kg2 Qe4+ 43. Nf3 Ra3 44. Qf6+ Kg8 45. h3 Qf5 46. Qd8+ Kg7
47. Qd1 Qe4 48. g4 Rd3 0-1

[Event "6I Torneo Ciudad de Pontevedra 2018"]
[Site "Pontevedra ESP"]
[Date "2018.08.10"]
[Round "4.6"]
[White "Cori Quispe, Kevin Joel"]
[Black "Garcia Sobrino, David"]
[Result "1-0"]
[WhiteElo "2480"]
[BlackElo "2211"]
[PlyCount "87"]
[EventDate "2018.08.08"]
[EventType "swiss"]
[EventRounds "9"]
[EventCountry "ESP"]
[SourceTitle "Ajedrez en Madrid"]
[Source "lmi"]
[SourceDate "2018.08.08"]

1. e4 e6 2. d4 d5 3. Nc3 Bb4 4. e5 b6 5. Qg4 Bf8 6. Bb5+ c6 7. Ba4 a5 8. a3 Qd7
9. Nce2 Ba6 10. c3 Ne7 11. Ng3 Bd3 12. N1e2 b5 13. Bd1 c5 14. Nf4 Bf5 15. Qe2
cxd4 16. cxd4 Qb7 17. Be3 Bg6 18. a4 b4 19. h4 Nd7 20. h5 Bf5 21. h6 gxh6 22.
Nfh5 Bg6 23. Qd2 O-O-O 24. Be2 Kb8 25. Bxh6 Bxh6 26. Qxh6 Rc8 27. Nf4 Nf5 28.
Nxf5 Bxf5 29. Qg7 Rcf8 30. O-O Rhg8 31. Qh6 Rc8 32. Bd3 Bg6 33. Rfc1 Rgd8 34.
Bb5 Nb6 35. Nd3 Rxc1+ 36. Nxc1 Nc4 37. Nb3 Qe7 38. Nc5 b3 39. Qc1 Bc2 40. Qe1
Rg8 41. Bxc4 dxc4 42. Qxa5 Rxg2+ 43. Kxg2 Qg5+ 44. Kf1 1-0

[Event "6I Torneo Ciudad de Pontevedra 2018"]
[Site "Pontevedra ESP"]
[Date "2018.08.10"]
[Round "4.7"]
[White "Krutti, Valer"]
[Black "Starostits, Ilmars"]
[Result "1-0"]
[WhiteElo "2312"]
[BlackElo "2454"]
[PlyCount "79"]
[EventDate "2018.08.08"]
[EventType "swiss"]
[EventRounds "9"]
[EventCountry "ESP"]
[SourceTitle "Ajedrez en Madrid"]
[Source "lmi"]
[SourceDate "2018.08.08"]

1. Nf3 d5 2. g3 Nf6 3. Bg2 g6 4. O-O Bg7 5. d3 O-O 6. Nbd2 c5 7. e4 dxe4 8.
dxe4 Nc6 9. Qe2 Bg4 10. c3 Qd7 11. Re1 Rad8 12. Nc4 b5 13. Ne3 b4 14. Nxg4 Nxg4
15. cxb4 Nxb4 16. h3 Ne5 17. Nxe5 Bxe5 18. Bh6 Bg7 19. Bxg7 Kxg7 20. Red1 Qc7
21. Qc4 Qe5 22. a3 Nc6 23. b4 Nd4 24. bxc5 Qf6 25. e5 Qxe5 26. c6 Ne6 27. Rac1
Rd6 28. Re1 Qa5 29. c7 Rc8 30. Rxe6 Rxe6 31. Bb7 Re1+ 32. Rxe1 Rxc7 33. Qd4+ f6
34. Rb1 Qxa3 35. Kg2 a5 36. Bf3 e5 37. Qb6 Rc3 38. Rb5 a4 39. Ra5 Qb3 40. Ra7+
1-0

[Event "6I Torneo Ciudad de Pontevedra 2018"]
[Site "Pontevedra ESP"]
[Date "2018.08.10"]
[Round "4.9"]
[White "Costa, Paulo"]
[Black "Khamrakulov, Ibragim S"]
[Result "1/2-1/2"]
[WhiteElo "2170"]
[BlackElo "2430"]
[PlyCount "51"]
[EventDate "2018.08.08"]
[EventType "swiss"]
[EventRounds "9"]
[EventCountry "ESP"]
[SourceTitle "Ajedrez en Madrid"]
[Source "lmi"]
[SourceDate "2018.08.08"]

1. d4 Nf6 2. Nf3 e6 3. c4 b6 4. g3 Ba6 5. Qc2 Bb4+ 6. Bd2 Bxd2+ 7. Nbxd2 c5 8.
Bg2 Nc6 9. dxc5 bxc5 10. O-O O-O 11. e4 e5 12. Qa4 Qb6 13. a3 d6 14. b4 cxb4
15. axb4 Bb7 16. c5 dxc5 17. bxc5 Qxc5 18. Rfc1 Qd6 19. Nc4 Qe7 20. Ne3 Rfc8
21. Nd5 Nxd5 22. exd5 Nb4 23. Rxc8+ Rxc8 24. Qxa7 Nxd5 25. Nh4 e4 26. Bxe4
1/2-1/2

[Event "6I Torneo Ciudad de Pontevedra 2018"]
[Site "Pontevedra ESP"]
[Date "2018.08.10"]
[Round "4.10"]
[White "Prado Lobo, Jonas"]
[Black "Silva, Luis Neves Da"]
[Result "1/2-1/2"]
[WhiteElo "2143"]
[BlackElo "2374"]
[PlyCount "148"]
[EventDate "2018.08.08"]
[EventType "swiss"]
[EventRounds "9"]
[EventCountry "ESP"]
[SourceTitle "Ajedrez en Madrid"]
[Source "lmi"]
[SourceDate "2018.08.08"]

1. d4 d5 2. c4 e6 3. Nc3 a6 4. cxd5 exd5 5. Bf4 Nf6 6. e3 Bd6 7. Bxd6 Qxd6 8.
Bd3 O-O 9. Nge2 Bg4 10. O-O Re8 11. Qb3 Bxe2 12. Bxe2 Nbd7 13. Bf3 c6 14. Rac1
Rab8 15. Na4 Re7 16. Rc2 Ne8 17. Rfc1 f5 18. Nc5 Nxc5 19. Rxc5 Nf6 20. Qa3 Rbe8
21. R5c3 Qe6 22. g3 Ne4 23. Bxe4 fxe4 24. Qb3 Rf8 25. Qd1 Rf3 26. Qf1 Ref7 27.
R3c2 h5 28. Qg2 R7f6 29. b4 h4 30. a4 hxg3 31. hxg3 R3f5 32. b5 axb5 33. axb5
cxb5 34. Qh3 Rh6 35. Qg4 Qf6 36. Rc8+ Kh7 37. R1c7 Rxf2 38. Qxg7+ Qxg7 39.
Rxg7+ Kxg7 40. Kxf2 Rb6 41. Ke2 b4 42. Kd2 b3 43. Kc1 b2+ 44. Kb1 Rb5 45. g4 b6
46. g5 Kg6 47. Rg8+ Kf7 48. Rd8 Ke7 49. g6 Kf6 50. Rd6+ Kg7 51. Re6 Rb3 52. Rd6
Rxe3 53. Rxd5 Kxg6 54. Kxb2 Rd3 55. Kc1 Kf6 56. Kc2 b5 57. Rxb5 Rxd4 58. Ra5
Ke6 59. Rb5 Kd6 60. Rh5 Kc6 61. Re5 Kd6 62. Rh5 Rd3 63. Rg5 Ke6 64. Ra5 Kf6 65.
Rb5 Rd8 66. Ra5 Rd7 67. Rb5 Ke6 68. Ra5 Rd5 69. Rxd5 Kxd5 70. Kd2 Kd4 71. Ke2
e3 72. Ke1 Kd3 73. Kd1 e2+ 74. Ke1 Ke3 1/2-1/2

[Event "6I Torneo Ciudad de Pontevedra 2018"]
[Site "Pontevedra ESP"]
[Date "2018.08.10"]
[Round "4.11"]
[White "Puga Sanchez, Miguel"]
[Black "Estremera Panos, Sergio"]
[Result "0-1"]
[WhiteElo "2109"]
[BlackElo "2337"]
[PlyCount "58"]
[EventDate "2018.08.08"]
[EventType "swiss"]
[EventRounds "9"]
[EventCountry "ESP"]
[SourceTitle "Ajedrez en Madrid"]
[Source "lmi"]
[SourceDate "2018.08.08"]

1. e4 c5 2. Nf3 e6 3. c4 Nc6 4. Nc3 Nf6 5. Be2 a6 6. O-O Qc7 7. b3 Bd6 8. h3 b6
9. Bb2 Bb7 10. Bd3 Ne5 11. Bc2 Nxf3+ 12. Qxf3 Be5 13. Rab1 O-O 14. Rfe1 Rae8
15. Ba1 h6 16. a4 d6 17. a5 bxa5 18. Na4 Nd7 19. Bc3 f5 20. Qe3 f4 21. Qf3 Bd4
22. Bxd4 cxd4 23. Qd3 e5 24. Bd1 Bc6 25. b4 axb4 26. c5 Kh8 27. cxd6 Qxd6 28.
Nb2 Bb5 29. Qb3 a5 0-1

[Event "6I Torneo Ciudad de Pontevedra 2018"]
[Site "Pontevedra ESP"]
[Date "2018.08.10"]
[Round "4.12"]
[White "Pazos Porta, Antonio"]
[Black "Santos, Ricardo Alexandre L"]
[Result "1-0"]
[WhiteElo "2335"]
[BlackElo "2010"]
[PlyCount "83"]
[EventDate "2018.08.08"]
[EventType "swiss"]
[EventRounds "9"]
[EventCountry "ESP"]
[SourceTitle "Ajedrez en Madrid"]
[Source "lmi"]
[SourceDate "2018.08.08"]

1. e4 d6 2. d4 Nf6 3. Nc3 g6 4. g3 Bg7 5. Bg2 O-O 6. Nge2 e5 7. O-O c6 8. a4
Re8 9. h3 Nbd7 10. Be3 Qe7 11. a5 exd4 12. Bxd4 Nc5 13. Re1 Ne6 14. Be3 Qc7 15.
a6 bxa6 16. Nd4 Bb7 17. Nb3 Rad8 18. Na5 Ba8 19. Qd3 d5 20. exd5 cxd5 21. Ne2
d4 22. Bd2 Nd5 23. Nb3 Ne7 24. Bxa8 Rxa8 25. Nf4 Nc6 26. Nxe6 fxe6 27. Rxa6 Ne5
28. Qe4 Qc4 29. Ra5 Nd7 30. Bg5 h6 31. Bd2 g5 32. Rea1 a6 33. R1a4 Qc8 34. h4
gxh4 35. g4 e5 36. g5 hxg5 37. Bxg5 Nf6 38. Bxf6 Bxf6 39. Qg6+ Bg7 40. Rxa6
Rxa6 41. Rxa6 h3 42. Ra7 1-0

[Event "6I Torneo Ciudad de Pontevedra 2018"]
[Site "Pontevedra ESP"]
[Date "2018.08.10"]
[Round "4.13"]
[White "Suarez Gomez, Julio"]
[Black "Rebole Arbea, Jose Ignacio"]
[Result "1-0"]
[WhiteElo "2469"]
[BlackElo "2143"]
[PlyCount "73"]
[EventDate "2018.08.08"]
[EventType "swiss"]
[EventRounds "9"]
[EventCountry "ESP"]
[SourceTitle "Ajedrez en Madrid"]
[Source "lmi"]
[SourceDate "2018.08.08"]

1. e4 c5 2. Nf3 Nc6 3. Bb5 a6 4. Bxc6 dxc6 5. d3 Qc7 6. Nbd2 e5 7. a4 a5 8. Nc4
Bd6 9. O-O Ne7 10. Nh4 Be6 11. h3 f6 12. Qe2 g5 13. Nf5 Nxf5 14. exf5 Bxc4 15.
dxc4 O-O 16. h4 gxh4 17. Qg4+ Kh8 18. Qxh4 Rf7 19. Re1 Qd7 20. Qh5 Rg8 21. Re4
Rfg7 22. g3 Qe8 23. Qh4 Rf7 24. Rb1 Qc8 25. Qh5 Rfg7 26. Bh6 Rd7 27. Kg2 Qe8
28. Qh4 Rf7 29. Bd2 Qd8 30. Rh1 b6 31. Qh5 Qd7 32. Qf3 Bc7 33. Reh4 Bd8 34. Rh6
b5 35. axb5 cxb5 36. cxb5 Qxb5 37. Rxh7+ 1-0

[Event "6I Torneo Ciudad de Pontevedra 2018"]
[Site "Pontevedra ESP"]
[Date "2018.08.10"]
[Round "4.14"]
[White "Merario Alarcon, Andres"]
[Black "Fernandez Garcia, Gumersindo"]
[Result "1-0"]
[WhiteElo "2406"]
[BlackElo "1980"]
[PlyCount "55"]
[EventDate "2018.08.08"]
[EventType "swiss"]
[EventRounds "9"]
[EventCountry "ESP"]
[SourceTitle "Ajedrez en Madrid"]
[Source "lmi"]
[SourceDate "2018.08.08"]

1. d4 Nf6 2. c4 g6 3. f3 Bg7 4. e4 d6 5. Nc3 O-O 6. Nge2 e5 7. Be3 c6 8. Qd2
Nbd7 9. d5 cxd5 10. cxd5 Nh5 11. g4 Nf4 12. Nxf4 exf4 13. Bxf4 Ne5 14. Be2 f5
15. gxf5 gxf5 16. O-O-O a6 17. Rhg1 Kh8 18. Rxg7 Kxg7 19. Bg5 Qe8 20. Bh6+ Kh8
21. f4 Nd7 22. Qd4+ Nf6 23. e5 dxe5 24. fxe5 Nd7 25. e6+ Nf6 26. Rg1 Qe7 27. d6
Qxe6 28. Bg7+ 1-0

[Event "6I Torneo Ciudad de Pontevedra 2018"]
[Site "Pontevedra ESP"]
[Date "2018.08.10"]
[Round "4.15"]
[White "Perez Carballo, David"]
[Black "Dionisi, Thomas"]
[Result "0-1"]
[WhiteElo "2090"]
[BlackElo "2403"]
[PlyCount "58"]
[EventDate "2018.08.08"]
[EventType "swiss"]
[EventRounds "9"]
[EventCountry "ESP"]
[SourceTitle "Ajedrez en Madrid"]
[Source "lmi"]
[SourceDate "2018.08.08"]

1. b3 e5 2. Bb2 Nc6 3. e3 Nf6 4. Nf3 e4 5. Nd4 Nxd4 6. Bxd4 d5 7. c4 dxc4 8.
Bxc4 Be7 9. Nc3 O-O 10. Rc1 Bf5 11. d3 exd3 12. O-O d2 13. Qxd2 c5 14. Bxf6
Qxd2 15. Bxe7 Rfe8 16. Rfd1 Qb2 17. Nd5 Bc2 18. Re1 Be4 19. Nc3 Bf5 20. Na4
Qxa2 21. Bxc5 b5 22. Ra1 Qc2 23. Rec1 bxc4 24. Rxc2 Bxc2 25. b4 Bxa4 26. Rxa4
a5 27. Kf1 c3 28. Ra1 axb4 29. Rxa8 Rxa8 0-1

[Event "6I Torneo Ciudad de Pontevedra 2018"]
[Site "Pontevedra ESP"]
[Date "2018.08.10"]
[Round "4.16"]
[White "Paiva, Henrique M A Alberg"]
[Black "Guerra Bastida, Diego"]
[Result "1-0"]
[WhiteElo "2080"]
[BlackElo "2317"]
[PlyCount "81"]
[EventDate "2018.08.08"]
[EventType "swiss"]
[EventRounds "9"]
[EventCountry "ESP"]
[SourceTitle "Ajedrez en Madrid"]
[Source "lmi"]
[SourceDate "2018.08.08"]

1. e4 e6 2. d4 d5 3. e5 c5 4. c3 Nc6 5. Nf3 Qb6 6. Bd3 cxd4 7. cxd4 Bd7 8. O-O
Nxd4 9. Nbd2 Nxf3+ 10. Nxf3 Ne7 11. Be3 Qd8 12. Qb3 Nc6 13. a3 Rb8 14. Rac1 Be7
15. Qc2 h6 16. Qd2 g5 17. h3 Kf8 18. b4 a6 19. Qb2 f5 20. Nd4 f4 21. Bd2 Kg7
22. Nxc6 Bxc6 23. Bxa6 f3 24. Qd4 fxg2 25. Kxg2 Qe8 26. Bd3 Rf8 27. b5 Bxb5 28.
Bxb5 Qxb5 29. Rc7 Rf7 30. Be3 Rbf8 31. Qg4 d4 32. Qxd4 Bxa3 33. Rxf7+ Rxf7 34.
Qg4 Qd5+ 35. Kg1 b5 36. h4 Qf3 37. Qxe6 Re7 38. Qc8 Rxe5 39. Bd4 Bd6 40. Qd7+
Kg6 41. Qxd6+ 1-0

[Event "6I Torneo Ciudad de Pontevedra 2018"]
[Site "Pontevedra ESP"]
[Date "2018.08.10"]
[Round "4.17"]
[White "Gonzalez Perez, Jose Ramon"]
[Black "Rodriguez Lopez, Rafael"]
[Result "0-1"]
[WhiteElo "2074"]
[BlackElo "2312"]
[PlyCount "90"]
[EventDate "2018.08.08"]
[EventType "swiss"]
[EventRounds "9"]
[EventCountry "ESP"]
[SourceTitle "Ajedrez en Madrid"]
[Source "lmi"]
[SourceDate "2018.08.08"]

1. Nf3 Nf6 2. c4 c5 3. g3 b6 4. Bg2 Bb7 5. O-O e6 6. Nc3 d6 7. Re1 Be7 8. e4
Nbd7 9. d4 cxd4 10. Nxd4 Qc7 11. Be3 Rc8 12. Rc1 Qb8 13. b3 O-O 14. f4 g6 15.
h3 Rfe8 16. g4 e5 17. Nde2 exf4 18. Nxf4 Bf8 19. Nfd5 Bg7 20. Bf4 Nxd5 21. exd5
Rxe1+ 22. Qxe1 Re8 23. Qg3 Be5 24. Ne4 Nc5 25. Nxc5 bxc5 26. Bxe5 Rxe5 27. Re1
f6 28. Rf1 Qd8 29. Qf4 Kg7 30. Qf2 Qe7 31. Qf4 Bc8 32. a3 g5 33. Qg3 a5 34. Kh1
Bd7 35. b4 Re3 36. Qf2 axb4 37. axb4 cxb4 38. Qd2 b3 39. Rf3 Rxf3 40. Bxf3 Qe5
41. Qd3 b2 42. Be4 h5 43. Bh7 f5 44. gxf5 Kxh7 45. f6+ Bf5 0-1

[Event "6I Torneo Ciudad de Pontevedra 2018"]
[Site "Pontevedra ESP"]
[Date "2018.08.10"]
[Round "4.18"]
[White "Fernandes, Ricardo Paulos"]
[Black "Senlle Caride, Miguel"]
[Result "0-1"]
[WhiteElo "2024"]
[BlackElo "2311"]
[PlyCount "100"]
[EventDate "2018.08.08"]
[EventType "swiss"]
[EventRounds "9"]
[EventCountry "ESP"]
[SourceTitle "Ajedrez en Madrid"]
[Source "lmi"]
[SourceDate "2018.08.08"]

1. b3 Nf6 2. Bb2 e6 3. e3 Be7 4. Nf3 O-O 5. Be2 d5 6. d3 c5 7. Nbd2 Nc6 8. O-O
Qc7 9. d4 cxd4 10. exd4 b6 11. a3 Rd8 12. Bd3 a5 13. Nb1 Ba6 14. Nc3 Bxd3 15.
Qxd3 Rac8 16. Rac1 Na7 17. Rfe1 Bxa3 18. Bxa3 Qxc3 19. Qa6 Qc7 20. c4 Qb8 21.
Ne5 Nc6 22. cxd5 Nxe5 23. dxe5 Nxd5 24. Bd6 Qa8 25. Qe2 Nf4 26. Qg4 Rxc1 27.
Rxc1 Qe4 28. Qg5 Re8 29. Kh1 Nd3 30. Rf1 h6 31. Qd2 Nxe5 32. Re1 Qd3 33. Qf4
Qxd6 34. Qxe5 Qxe5 35. Rxe5 Rc8 36. g3 Rc5 37. Re4 Rb5 38. Re3 Kf8 39. Kg2 Ke7
40. Rd3 Rc5 41. Re3 Rc7 42. Rd3 b5 43. f4 b4 44. Rd2 Rc5 45. Re2 Rd5 46. Re4
Rd2+ 47. Kh3 Rb2 48. Re5 Rxb3 49. Rxa5 Ra3 50. Rh5 b3 0-1

[Event "6I Torneo Ciudad de Pontevedra 2018"]
[Site "Pontevedra ESP"]
[Date "2018.08.10"]
[Round "4.19"]
[White "Levi, Netanel"]
[Black "Galiana Fernandez, Adrian"]
[Result "1/2-1/2"]
[WhiteElo "1961"]
[BlackElo "2291"]
[PlyCount "85"]
[EventDate "2018.08.08"]
[EventType "swiss"]
[EventRounds "9"]
[EventCountry "ESP"]
[SourceTitle "Ajedrez en Madrid"]
[Source "lmi"]
[SourceDate "2018.08.08"]

1. e4 c5 2. Nf3 d6 3. Bb5+ Nd7 4. O-O a6 5. Bxd7+ Bxd7 6. d4 cxd4 7. Qxd4 e5 8.
Qd3 Rc8 9. c4 Qc7 10. Nfd2 Be6 11. b3 Ne7 12. a4 Ng6 13. g3 Be7 14. Nc3 h5 15.
Ba3 h4 16. Nd5 Bxd5 17. cxd5 Qd7 18. Rfc1 Rd8 19. Qf3 Qh3 20. Qg2 Qg4 21. Qf3
Qh3 22. g4 Qxf3 23. Nxf3 Kd7 24. Rc2 Rc8 25. Rac1 h3 26. Kf1 Rxc2 27. Rxc2 Nh4
28. Nxh4 Rxh4 29. f3 g6 30. Bb4 f5 31. Be1 Rh8 32. Ba5 Rc8 33. Rxc8 Kxc8 34.
gxf5 gxf5 35. exf5 Bg5 36. Be1 Kd7 37. Kf2 Bf4 38. Kg1 Ke7 39. Bb4 Be3+ 40. Kf1
Bf4 41. Kg1 Be3+ 42. Kf1 Bf4 43. Kg1 1/2-1/2

[Event "6I Torneo Ciudad de Pontevedra 2018"]
[Site "Pontevedra ESP"]
[Date "2018.08.10"]
[Round "4.20"]
[White "Ferreno Sanmartin, Angel"]
[Black "Samoun, Florent"]
[Result "0-1"]
[WhiteElo "2050"]
[BlackElo "2334"]
[PlyCount "147"]
[EventDate "2018.08.08"]
[EventType "swiss"]
[EventRounds "9"]
[EventCountry "ESP"]
[SourceTitle "Ajedrez en Madrid"]
[Source "lmi"]
[SourceDate "2018.08.08"]

1. e4 Nf6 2. e5 Nd5 3. d4 d6 4. Nf3 Nb6 5. Bb5+ c6 6. Bd3 g6 7. O-O Bg7 8. exd6
Qxd6 9. c3 O-O 10. Nbd2 h6 11. Ne4 Qc7 12. Re1 N8d7 13. h4 e5 14. Bc2 f5 15.
Nc5 Nxc5 16. dxc5 Nd7 17. b4 b6 18. cxb6 axb6 19. Bb2 Bb7 20. Bb3+ Kh8 21. c4
c5 22. Ba4 Rfd8 23. Bxd7 Rxd7 24. Qb3 e4 25. Bxg7+ Kxg7 26. Qb2+ Kh7 27. Nd2
Rad8 28. Nf1 f4 29. bxc5 bxc5 30. Rab1 Ba8 31. Qf6 Rf7 32. Qe6 Rd6 33. Qe8 Bc6
34. Qe5 Rf5 35. Qb2 Qd7 36. Qa1 e3 37. fxe3 f3 38. Rb2 fxg2 39. Ng3 Rf8 40. e4
Rd2 41. Rxd2 Qxd2 42. Re2 Rf1+ 43. Nxf1 Qxe2 44. Ng3 Qe3+ 45. Kxg2 Bxe4+ 46.
Nxe4 Qxe4+ 47. Kg3 Qe3+ 48. Kg2 Qe2+ 49. Kg3 Qd3+ 50. Kg2 Qxc4 51. a4 Qg4+ 52.
Kf1 Qxh4 53. Qd1 Qh1+ 54. Ke2 Qe4+ 55. Kf1 Qf5+ 56. Kg1 c4 57. Qd8 Qc5+ 58. Kf1
h5 59. Qd7+ Kh6 60. Qd2+ g5 61. Qd7 g4 62. Qd2+ Kg6 63. Qc2+ Kg7 64. Qc3+ Kf7
65. Qh8 Qf5+ 66. Ke2 g3 67. Qc3 Qe4+ 68. Kf1 Qf5+ 69. Ke1 Qe6+ 70. Kf1 h4 71.
Qf3+ Kg7 72. Qb7+ Kg6 73. a5 Qf6+ 74. Ke1 0-1

[Event "6I Torneo Ciudad de Pontevedra 2018"]
[Site "Pontevedra ESP"]
[Date "2018.08.10"]
[Round "4.21"]
[White "Calzetta Ruiz, Monica"]
[Black "Gil Reguera, Juan Carlos"]
[Result "1-0"]
[WhiteElo "2302"]
[BlackElo "2085"]
[PlyCount "65"]
[EventDate "2018.08.08"]
[EventType "swiss"]
[EventRounds "9"]
[EventCountry "ESP"]
[SourceTitle "Ajedrez en Madrid"]
[Source "lmi"]
[SourceDate "2018.08.08"]

1. e4 c5 2. Nf3 d6 3. d4 cxd4 4. Nxd4 Nf6 5. Nc3 a6 6. Bg5 e6 7. Qe2 Be7 8. f4
Qc7 9. O-O-O O-O 10. g4 b5 11. a3 Bb7 12. Rg1 Nc6 13. Nxc6 Bxc6 14. Rg3 a5 15.
e5 Nd5 16. Bxe7 Qxe7 17. exd6 Qxd6 18. f5 b4 19. Nxd5 Bxd5 20. Qd2 bxa3 21.
Rxa3 Qe5 22. Qd4 Qxd4 23. Rxd4 h6 24. Be2 Rfc8 25. h4 Rc7 26. Bd3 Kf8 27. b4
Rca7 28. b5 Rc7 29. g5 hxg5 30. hxg5 Rac8 31. Rxa5 Bb3 32. b6 Rb7 33. Rb4 1-0

[Event "6I Torneo Ciudad de Pontevedra 2018"]
[Site "Pontevedra ESP"]
[Date "2018.08.10"]
[Round "4.22"]
[White "Forgas Moreno, Yaniela"]
[Black "Cinza Lopez, Javier"]
[Result "0-1"]
[WhiteElo "2299"]
[BlackElo "2009"]
[PlyCount "84"]
[EventDate "2018.08.08"]
[EventType "swiss"]
[EventRounds "9"]
[EventCountry "ESP"]
[SourceTitle "Ajedrez en Madrid"]
[Source "lmi"]
[SourceDate "2018.08.08"]

1. e4 e6 2. d4 d5 3. Nc3 dxe4 4. Nxe4 Bd7 5. Nf3 Bc6 6. Bd3 Nf6 7. Ng3 Bxf3 8.
Qxf3 c6 9. c3 Be7 10. O-O O-O 11. Rd1 Qd5 12. Qe2 Nbd7 13. c4 Qa5 14. Bd2 Qc7
15. b4 Rfd8 16. Rac1 Nb6 17. Bc3 Na4 18. Ba1 Rd7 19. a3 a5 20. Rb1 axb4 21.
axb4 Nb6 22. Bc2 Qd8 23. b5 Ra5 24. bxc6 bxc6 25. Ne4 g6 26. Nc5 Rda7 27. Bb3
Rxa1 28. Nxe6 Qa8 29. Nc7 Rxc7 30. Rxa1 Ra7 31. Rab1 Qd8 32. g3 Rd7 33. Qe5 Bf8
34. Kg2 Bg7 35. Qc5 Ne4 36. Qxc6 Nc3 37. c5 Nc8 38. Ba4 Rc7 39. Qa8 Nxb1 40.
Rxb1 Bxd4 41. Rb8 Bxc5 42. Bb5 Ba7 0-1

[Event "6I Torneo Ciudad de Pontevedra 2018"]
[Site "Pontevedra ESP"]
[Date "2018.08.10"]
[Round "4.23"]
[White "Garcia Trobat, Francisco"]
[Black "Alvarez Pampillon, Antonio"]
[Result "1-0"]
[WhiteElo "2266"]
[BlackElo "1696"]
[PlyCount "95"]
[EventDate "2018.08.08"]
[EventType "swiss"]
[EventRounds "9"]
[EventCountry "ESP"]
[SourceTitle "Ajedrez en Madrid"]
[Source "lmi"]
[SourceDate "2018.08.08"]

1. d4 c5 2. e3 Nf6 3. Nf3 cxd4 4. exd4 d5 5. c3 e6 6. Bd3 a6 7. O-O b5 8. a4 b4
9. a5 Nc6 10. Ne5 Nxe5 11. dxe5 Nd7 12. Re1 bxc3 13. Nxc3 Bc5 14. Qg4 Bb7 15.
Qxg7 Rf8 16. Bg5 Be7 17. Bxe7 Qxe7 18. Rac1 Nc5 19. Bxh7 Nb3 20. Rc2 Nxa5 21.
Qg4 Nc6 22. Na4 O-O-O 23. Nc5 Rh8 24. Rec1 Rxh7 25. Nxb7 Kxb7 26. Rxc6 Qh4 27.
Rc7+ Kb8 28. Qxh4 Rxh4 29. Rxf7 d4 30. f4 d3 31. g3 Rhh8 32. Rd1 d2 33. f5 Rhe8
34. fxe6 Rxe6 35. Rf2 Rxe5 36. Rfxd2 Rde8 37. Rd8+ Rxd8 38. Rxd8+ Kc7 39. Rd2
Kc6 40. h4 Rh5 41. Kg2 Kb5 42. Kh3 Re5 43. Kg4 Kb4 44. h5 Re8 45. h6 Rg8+ 46.
Kf4 Rf8+ 47. Ke5 Rh8 48. Rh2 1-0

[Event "6I Torneo Ciudad de Pontevedra 2018"]
[Site "Pontevedra ESP"]
[Date "2018.08.10"]
[Round "4.24"]
[White "Vazquez Alvarez, Antonio Jose"]
[Black "Villar Perez, Samuel"]
[Result "0-1"]
[WhiteElo "1985"]
[BlackElo "2170"]
[PlyCount "62"]
[EventDate "2018.08.08"]
[EventType "swiss"]
[EventRounds "9"]
[EventCountry "ESP"]
[SourceTitle "Ajedrez en Madrid"]
[Source "lmi"]
[SourceDate "2018.08.08"]

1. d4 Nf6 2. Bg5 Ne4 3. Bf4 c5 4. f3 Qa5+ 5. c3 Nf6 6. Na3 cxd4 7. Nc4 Qd8 8.
cxd4 d5 9. Ne5 Qb6 10. Qc2 Nc6 11. Nxc6 bxc6 12. Rc1 Bd7 13. e3 Nh5 14. g3 Nxf4
15. gxf4 Rb8 16. b3 e6 17. Bd3 Ba3 18. Rb1 c5 19. Ne2 Rc8 20. Qd1 cxd4 21. exd4
Bb4+ 22. Kf1 O-O 23. Rg1 f6 24. Kg2 e5 25. Bc2 exf4 26. Nxf4 Qc7 27. Bxh7+ Kxh7
28. Qd3+ f5 29. Nxd5 Qc2+ 30. Qxc2 Rxc2+ 31. Kh1 Bc6 0-1